000 01006cam a2200313 a 4500
001 14643732
003 OSt
005 20140311162957.0
008 061122s2007 enka b 001 0 eng
010 _a 2006052549
020 _a9789810698508
040 _aDLC
_cDLC
050 0 0 _aHF 5415.15
_b.B353 2008
100 1 _aBaker, Michael John.
_930566
245 1 0 _aProduct strategy and management /
_cMichael Baker and Susan Hart.
250 _a2nd ed.
260 _aHarlow, England ;
_aNew York :
_bFT Prentice Hall,
_c2007.
300 _axviii, 541 p. :
_bill. ;
_c25 cm.
546 _aC12161
546 _aC11667
546 _aC11655
546 _a12160
650 0 _aProduct management.
_930567
650 0 _aNew products
_xManagement
_vCase studies.
_930568
700 1 _aHart, Susan J.
_930569
906 _a7
_bcbc
_corignew
_d1
_eocip
_f20
_gy-gencatlg
942 _2lcc
_cBK
_kFOR
999 _c39079
_d39079